[Event "Let's Play Chess!"]
[Site "http://www.queenalice.com/game.php?id=1303200"]
[Date "2014.8.21"]
[Round "-"]
[White "paolop69"]
[Black "Tiagows"]
[Result "1-0"]
[WhiteElo "1754"]
[BlackElo "1100"]

1. e4 e5 2. Bc4 Nc6 3. Qf3 Nh6 4. c3 Na5 5. d3 c6 6. Bxh6 Qf6 7. Qxf6 gxf6 8.
Bxf8 Rxf8 9. b4 Nxc4 10. dxc4 d6 11. Nd2 b5 12. a3 Be6 13. c5 Rd8 14. Ne2 dxc5
15. bxc5 a5 16. Rd1 h5 17. Ng3 Bg4 18. f3 Be6 19. Nxh5 Rg8 20. Nxf6+ Kf8 21.
Nxg8 Kxg8 22. O-O f5 23. g3 Bb3 24. Nxb3 1-0

[Event "Challenge"]
[Site "http://www.queenalice.com/game.php?id=1303426"]
[Date "2014.8.22"]
[Round "-"]
[White "Tiagows"]
[Black "bkm"]
[Result "0-1"]
[WhiteElo "1100"]
[BlackElo "1500"]

1. e4 e5 2. Nf3 Nc6 3. Nc3 Bb4 4. a3 Ba5 5. b4 Bb6 6. d3 Nf6 7. Bg5 h6 8. Bh4
O-O 9. d4 exd4 10. Nd5 Qe8 11. Nxf6+ gxf6 12. Qe2 Qe6 13. g3 f5 14. exf5 Qxf5
15. b5 d3 16. cxd3 Qxb5 17. Ra2 Qb1+ 18. Qd1 Re8+ 19. Re2 Ba5+ 20. Nd2 Bxd2+ 21.
Kxd2 Qb2+ 22. Ke1 Qc3+ 23. Qd2 Qxd2+ 24. Kxd2 Rxe2+ 25. Bxe2 Nd4 26. Bg4 d5 27.
Bxc8 Rxc8 28. Kc3 c5 29. f4 Nb5+ 30. Kd2 Nxa3 31. Ra1 Nb5 32. g4 Nd4 33. Bf2
Nb3+ 0-1

[Event "Challenge"]
[Site "http://www.queenalice.com/game.php?id=1303486"]
[Date "2014.8.22"]
[Round "-"]
[White "dejami"]
[Black "Tiagows"]
[Result "1-0"]
[WhiteElo "1640"]
[BlackElo "1125"]

1. e4 e5 2. Bc4 d6 3. Qf3 Nh6 4. d4 exd4 5. Bxh6 Qf6 6. Bg5 Qxf3 7. Nxf3 h6 8.
Bd2 c5 9. e5 Nd7 10. Bf4 f6 11. exd6 g5 12. Bd2 Bxd6 13. O-O Nb6 14. Re1+ Kd8
15. Ba5 Re8 16. Nbd2 g4 17. Nh4 Bf4 18. Nb3 Bc7 19. Bxb6 axb6 20. Bf7 Rxe1+ 21.
Rxe1 Bd7 22. Ng6 Kc8 23. Nf8 c4 24. Nxd4 Rxa2 25. Be8 Bxe8 26. Rxe8+ Bd8 27. g3
Rxb2 28. Nde6 Rb1+ 29. Kg2 Rd1 30. Ng6 b5 31. Nh4 Re1 32. Rxd8# 1-0

[Event "Challenge"]
[Site "http://www.queenalice.com/game.php?id=1304037"]
[Date "2014.8.25"]
[Round "-"]
[White "Tiagows"]
[Black "bkm"]
[Result "0-1"]
[WhiteElo "1100"]
[BlackElo "1500"]

1. e4 e5 2. Nc3 Nf6 3. d3 Bb4 4. a3 Bc5 5. Qf3 O-O 6. Bg5 h6 7. Bh4 Nc6 8. Nd5
Nd4 9. Bxf6 Nxf3+ 10. gxf3 gxf6 11. Nh3 c6 12. Rg1+ Kh7 13. Ne3 Bxe3 14. fxe3
Rg8 0-1

[Event "Challenge"]
[Site "http://www.queenalice.com/game.php?id=1304055"]
[Date "2014.8.25"]
[Round "-"]
[White "Tiagows"]
[Black "vincenzo"]
[Result "0-1"]
[WhiteElo "1100"]
[BlackElo "1500"]

1. e4 e5 2. Nf3 d6 3. Nc3 b6 4. d3 Ba6 5. b4 c6 6. a4 d5 7. Nxe5 Qd6 8. d4 Bxf1
9. Rxf1 Qxb4 10. Qf3 dxe4 11. Qxf7+ Kd8 12. Bg5+ Be7 13. Qxe7+ Nxe7 0-1

[Event "Challenge"]
[Site "http://www.queenalice.com/game.php?id=1304335"]
[Date "2014.8.27"]
[Round "-"]
[White "Tiagows"]
[Black "bkm"]
[Result "0-1"]
[WhiteElo "1075"]
[BlackElo "1580"]

1. c4 e5 2. Nc3 Bc5 3. Ne4 d6 4. Nxc5 dxc5 5. d3 Nf6 6. Be3 Nbd7 7. Bd2 O-O 8.
e4 c6 9. Nf3 Re8 10. Be2 b5 11. cxb5 cxb5 12. Qb3 Ba6 13. a3 Rc8 14. O-O c4 15.
dxc4 bxc4 16. Qe3 Nc5 17. Bc3 Ng4 18. Qg5 Qxg5 19. Nxg5 Nf6 20. Nf3 Ncxe4 21.
Bxe5 Nd2 22. Nxd2 Rxe5 23. Bxc4 Bxc4 24. Rfc1 Rec5 25. Re1 Ba2 26. b4 Rc2 27.
Red1 h6 28. a4 Nd5 29. b5 Nc3 30. Re1 Rxd2 31. Rac1 Ne2+ 32. Kf1 Nxc1 0-1

[Event "Let's Play Chess!"]
[Site "http://www.queenalice.com/game.php?id=1304452"]
[Date "2014.8.27"]
[Round "-"]
[White "Nimzou"]
[Black "Tiagows"]
[Result "1-0"]
[WhiteElo "1289"]
[BlackElo "1125"]

1. Nc3 e5 2. e4 Nf6 3. Nge2 Nc6 4. b3 Bb4 5. a3 Ba5 6. Nd5 Nxe4 7. c3 d6 8. Ndf4
g5 9. b4 Bb6 10. d4 gxf4 11. f3 Ng5 12. dxe5 Nxe5 13. Nxf4 Bf5 14. Ra2 O-O 15.
h4 Ne6 16. Nxe6 Bxe6 17. Be2 Bxa2 18. Bg5 f6 19. Bh6 Re8 20. Rh3 Bf7 21. Rg3+
Bg6 22. Qd5+ Kh8 23. h5 Bxh5 24. f4 c6 25. Bg7# 1-0

[Event "Challenge"]
[Site "http://www.queenalice.com/game.php?id=1304761"]
[Date "2014.8.29"]
[Round "-"]
[White "Tiagows"]
[Black "bkm"]
[Result "0-1"]
[WhiteElo "1075"]
[BlackElo "1546"]

1. e4 e5 2. Nf3 Nc6 3. Nc3 Nf6 4. d3 Bb4 5. a3 Ba5 6. b4 Bb6 7. Bg5 O-O 8. Nd5
d6 9. Be2 Be6 10. c4 h6 11. Bh4 Nd4 12. c5 dxc5 13. b5 Ba5+ 14. Kf1 Bxd5 15.
Nxd4 cxd4 16. exd5 Qxd5 17. Bf3 Qxb5 18. Rb1 Qc5 19. Rxb7 Qxa3 20. Rb5 Rab8 21.
Rxe5 c5 22. Bg3 Rb3 23. Rxc5 Rxd3 24. Qc2 Qa1+ 25. Ke2 Rd2+ 26. Qxd2 Re8+ 27.
Kd3 Qa3+ 28. Kc2 Qxc5+ 29. Kd1 Bxd2 30. Kxd2 Qc3+ 31. Kd1 Qa1+ 0-1

[Event "Challenge"]
[Site "http://www.queenalice.com/game.php?id=1305008"]
[Date "2014.8.29"]
[Round "-"]
[White "vincenzo"]
[Black "Tiagows"]
[Result "0-1"]
[WhiteElo "1777"]
[BlackElo "1125"]

1. e4 e5 2. d4 Nc6 3. c3 Nf6 4. Nf3 d6 5. Bc4 Bg4 6. d5 Na5 7. Bb5+ c6 8. Qa4
Nd7 9. Be2 Nc5 10. h3 Nxa4 11. hxg4 Nc5 12. b4 Nxe4 13. bxa5 Qxa5 14. O-O Qxd5
15. Rd1 Qc5 16. Ba3 Qxf2+ 17. Kh1 Qxe2 18. Nbd2 Nxc3 19. Re1 Qa6 20. Re3 Nd5 21.
Rd3 Qxd3 0-1

[Event "Challenge"]
[Site "http://www.queenalice.com/game.php?id=1305993"]
[Date "2014.9.3"]
[Round "-"]
[White "Tiagows"]
[Black "Aldino"]
[Result "0-1"]
[WhiteElo "1125"]
[BlackElo "2155"]

1. e4 e5 2. Nf3 d6 3. Nc3 Nf6 4. d3 Nc6 5. Bg5 Be7 6. Be2 h6 7. Bh4 Nh7 8. g3
Bxh4 9. gxh4 Nd4 10. Nxd4 exd4 11. Nd5 c6 12. Nb4 Qxh4 13. b3 O-O 14. a4 Nf6 15.
Rg1 Qxh2 16. Rf1 Bh3 17. c4 Bxf1 18. Kxf1 Qh1# 0-1

[Event "Challenge"]
[Site "http://www.queenalice.com/game.php?id=1305996"]
[Date "2014.9.3"]
[Round "-"]
[White "Tiagows"]
[Black "bkm"]
[Result "1/2-1/2"]
[WhiteElo "1125"]
[BlackElo "1631"]

1. e4 e5 2. Nf3 d6 3. Nc3 Bg4 4. Be2 Nc6 5. h3 Bh5 6. g4 Bg6 7. Bb5 a6 8. Ba4
Be7 9. d3 Nh6 10. g5 Ng8 11. Rg1 b5 12. Bb3 Qd7 13. Nd5 Kd8 14. Rh1 Bh5 15. c4
bxc4 16. dxc4 Nd4 17. Ba4 Nxf3+ 18. Qxf3 Bxf3 19. Bxd7 Bxh1 20. Bf5 h6 21. gxh6
Nxh6 22. Bxh6 Rxh6 23. Kd2 Bg2 24. Rg1 Bxh3 25. Rxg7 Bxf5 26. exf5 Kd7 27. Rxf7
Kc6 28. Nxe7+ Kc5 29. b3 Rh2 30. Ke2 c6 31. f6 d5 32. Ng6 e4 33. Re7 d4 34. f7
d3+ 35. Ke3 d2 36. Rd7 Rg2 37. f8=Q+ Rxf8 38. Nxf8 Kb4 39. Rxd2 Kc3 40. Ne6 a5
41. Nf4 Rg4 42. Rd4 Rxf4 43. Rxe4 Rxe4+ 44. Kxe4 Kb2 45. f4 Kxa2 46. f5 Kxb3 47.
Kd4 a4 48. f6 a3 49. f7 a2 50. f8=Q a1=Q+ 51. Ke4 Qe1+ 52. Kd4 Qh4+ 53. Kc5
Qxc4+ 54. Kb6 c5 55. Qxc5 Qxc5+ 56. Kxc5 Kc3 1/2-1/2

[Event "Challenge"]
[Site "http://www.queenalice.com/game.php?id=1306300"]
[Date "2014.9.5"]
[Round "-"]
[White "bkm"]
[Black "Tiagows"]
[Result "1-0"]
[WhiteElo "1631"]
[BlackElo "1125"]

1. e4 e5 2. Nf3 Nc6 3. Bb5 a6 4. Ba4 b5 5. Bb3 d6 6. O-O Bg4 7. c3 Nf6 8. Re1 b4
9. Ba4 Qd7 10. cxb4 d5 11. Qc2 O-O-O 12. Bxc6 Qd6 13. b5 axb5 14. Bxb5 Qb6 15.
Qa4 Kb7 16. Nxe5 Be6 17. Bc6+ Kc8 18. Qa8+ Qb8 19. Bb7# 1-0

[Event "Challenge"]
[Site "http://www.queenalice.com/game.php?id=1307007"]
[Date "2014.9.8"]
[Round "-"]
[White "bkm"]
[Black "Tiagows"]
[Result "1-0"]
[WhiteElo "1631"]
[BlackElo "1125"]

1. e4 e5 2. Nf3 d6 3. Bc4 Nc6 4. O-O Bg4 5. h3 Bh5 6. d3 h6 7. Nc3 Nf6 8. Be3
Be7 9. a3 O-O 10. b4 a6 11. Qd2 b5 12. Bd5 Qd7 13. d4 a5 14. Nxb5 Nxe4 15. Bxe4
Bf6 16. bxa5 Rab8 17. Rab1 g5 18. a6 exd4 19. Nfxd4 Nxd4 20. Nxd4 Rfe8 21. Bc6
1-0

[Event "Challenge"]
[Site "http://www.queenalice.com/game.php?id=1307485"]
[Date "2014.9.11"]
[Round "-"]
[White "Tiagows"]
[Black "bkm"]
[Result "0-1"]
[WhiteElo "1113"]
[BlackElo "1609"]

1. e4 e5 2. Nf3 Nc6 3. Nc3 Nf6 4. d3 Bb4 5. a3 Ba5 6. Bg5 h6 7. Bh4 Nd4 8. Nxe5
d6 9. Nc4 c5 10. b4 cxb4 11. Nd5 b3+ 12. Nd2 Nxc2+ 13. Ke2 Nxa1 14. Qxa1 Bxd2
15. Kxd2 a5 16. Be2 Be6 17. Nb6 Ra7 18. Nd5 Ra8 19. Rc1 Bxd5 20. exd5 Qb6 21.
Ke1 b2 22. Qb1 Nxd5 23. Rc4 O-O 24. Bf3 Nf6 25. d4 d5 26. Rc5 Rfe8+ 27. Be2 Rac8
28. f4 Rxc5 29. dxc5 Qb3 30. Kf1 Ne4 31. Be1 Nc3 32. Bxc3 Qxc3 33. Bd3 Re1+ 34.
Qxe1 Qxd3+ 35. Kg1 b1=Q 36. Qxb1 Qxb1+ 37. Kf2 d4 38. Ke2 d3+ 39. Ke3 Qc2 40. g4
d2 41. Kf3 d1=Q+ 42. Ke3 Qc4 43. f5 Qcd4# 0-1